Т. 2. (1803-1917); История Академии наук СССР

Detalles Bibliográficos
Parent link:История Академии наук СССР: В 3-х т./ Академия наук СССР (АН СССР), Институт истории естествознания и техники (ИИЕТ АН СССР) ; гл. ред. академик К. В. Островитянов. Т.2 (1803-1917).— , 1958
Idioma:ruso
Publicado: Москва, Наука, 1964
Subjects:
Formato: MixedMaterials Libro
KOHA link:https://koha.lib.tpu.ru/cgi-bin/koha/opac-detail.pl?biblionumber=158208

MARC

LEADER 00000nam2a2200000 4500
001 158208
005 20231101222023.0
035 |a (RuTPU)RU\TPU\book\171587 
035 |a RU\TPU\book\64632 
090 |a 158208 
100 |a 20090420d1964 k y0rusy50 ca 
101 0 |a rus 
102 |a RU 
105 |a acf z 001zd 
200 0 |a Т. 2. (1803-1917) 
210 |a Москва  |a Ленинград  |c Наука  |d 1964 
215 |a 772 с.  |c ил. 
320 |a Приложения: с. 663-710 
320 |a Список сокращений: с. 727-728 
320 |a Имен. указ.: с. 729-767 
320 |a Список иллюстраций: с. 768-770. 
320 |a Список действительных членов Академии наук с 1803 по 1917 г..: с. 711-726. 
461 1 |0 (RuTPU)RU\TPU\book\21432  |t История Академии наук СССР  |o В 3-х т.  |f Академия наук СССР (АН СССР), Институт истории естествознания и техники (ИИЕТ АН СССР) ; гл. ред. академик К. В. Островитянов  |v Т.2 (1803-1917)  |d 1958 
606 1 |a Наука  |x История  |y Россия  |y СССР  |2 stltpush  |3 (RuTPU)RU\TPU\subj\45077  |9 64339 
610 1 |a наука  |a просвещение  |a Россия  |a история  |a 19 век  |a Академия наук  |a научная деятельность  |a учебная деятельность  |a общественные науки  |a библиотеки  |a 20 век  |a естественные науки  |a издательская деятельность  |a технические науки 
686 |a Ч213(2)  |v LBC/SL-A  |2 rubbk 
801 0 |a RU  |b 63413507  |c 20011209  |g PSBO 
801 2 |a RU  |b 63413507  |c 20170907  |g PSBO 
942 |c BK